000 01222nam a2200265Ia 4500
003 OSt
005 20200929114205.0
008 191128s2012 ck a gr 000 0 spa d
020 _a9789586957748
040 _aCO-JMCR
_cCO-JMCR
041 0 _aspa
082 0 4 _a610.8 /
_bB517s
_223
100 1 _aBernal, Óscar,
_ecompilador
_910950
245 1 3 _aLa salud en Colombia :
_bLogros, retos y recomendaciones /
_ccompiladores Óscar Bernal, Catalina Gutiérrez
250 _aPrimera edición
260 _aBogotá :
_bUniversidad de los Andes, Escuela de Gobierno,
_c2012.
300 _a568 páginas :
_b gráficos a blanco y negro ;
_c24 cm.
500 _aIncluye datos biográficos de los compiladores en solapa frontal.
504 _aBibliografía : páginas 556-560.
505 0 _aAvances y retrocesos en la salud -- Diagnósticos e inquietudes de la salud -- Financiación de la seguridad social en salud -- La organización institucional y la regulación en el sistema general de seguridad social en salud en Colombia
650 2 4 _aSalud
_xInvestigaciones
_zColombia
_910951
650 2 4 _aFinanciamiento de la salud
_zColombia
_99770
700 1 _aGutiérrez, Catalina,
_ecompiladora
_910952
942 _2ddc
_cBK
999 _c6059
_d6059